Organizational behavior (Record no. 21750)
[ view plain ]
| 000 -LEADER | |
|---|---|
| fixed length control field | 00391nam a2200169Ia 4500 |
| 003 - CONTROL NUMBER IDENTIFIER | |
| control field | OSt |
| 005 - DATE AND TIME OF LATEST TRANSACTION | |
| control field | 20240405170529.0 |
| 008 - FIXED-LENGTH DATA ELEMENTS--GENERAL INFORMATION | |
| fixed length control field | 170619s9999 xx 000 0 und d |
| 020 ## - INTERNATIONAL STANDARD BOOK NUMBER | |
| International Standard Book Number | 978-9353067038 |
| 040 ## - CATALOGING SOURCE | |
| Transcribing agency | IIMT ENGINEERING COLLEGE |
| 100 ## - MAIN ENTRY--PERSONAL NAME | |
| Personal name | Robbins- P |
| 245 #0 - TITLE STATEMENT | |
| Title | Organizational behavior |
| 260 ## - PUBLICATION, DISTRIBUTION, ETC. | |
| Name of publisher, distributor, etc. | New Delhi PHI |
| 260 ## - PUBLICATION, DISTRIBUTION, ETC. | |
| Date of publication, distribution, etc. | 2004 |
| 546 ## - LANGUAGE NOTE | |
| Language note | ENGLISH |
| 942 ## - ADDED ENTRY ELEMENTS (KOHA) | |
| Source of classification or shelving scheme | |
| Koha item type | Book Bank |
| Withdrawn status | Lost status | Source of classification or shelving scheme | Damaged status | Not for loan | Home library | Current library | Date acquired | Source of acquisition | Cost, normal purchase price | Total Checkouts | Barcode | Date last seen | Date last checked out | Price effective from | Koha item type |
|---|---|---|---|---|---|---|---|---|---|---|---|---|---|---|---|
| IIMT Engineering College-MBA | IIMT Engineering College-MBA | 09/28/2023 | 21 | 350.00 | 3 | 13-B-169 | 04/01/2025 | 01/07/2025 | 06/23/2017 | Book Bank | |||||
| IIMT Engineering College-MBA | IIMT Engineering College-MBA | 10/25/2023 | 21 | 350.00 | 3 | 13-B-170 | 03/24/2025 | 09/10/2024 | 06/23/2017 | Book Bank |

